• 首页
  • 本馆介绍
  • 公告通知
  • 最新文献
  • 馆藏检索
  • 电子资源
  • 读者导购
  • 参考咨询
  • 我的图书馆
  • 登录
  • 详细信息显示
  • 放入我的书架
  • 预约/预借图书
  • 作者相关作品
  • 分类相关作品
  • 丛书相关作品
  • 出版社相关作品

书目信息

  • 表格格式
  • 工作单格式
  • 卡片格式
书名: Clinical nursing handbook
作者: Ellen Baily Raffensperger, Mary Lloyd Zusy, Lynn Claire Marchesseault.
分册号:
分册名:
出版地: Philadelphia :
 
出版社: Lippincott
出版时间: c1986.
页数: xxi, 963 p. ;
开本: 19 cm.
丛书名:
中图分类号:
科图分类号:
其他分类号: R471
主题词:
电子资源:
000 01049cam a2200325 a 450
001 E0754794870
005 20070421151940.62
008 850809s1986 pau b 001 0 eng c
010    @a85018234
020    @a0397544618 (pbk.).
035    @A(DLC) 85018234
040    @aDNLM/DLC@cDLC@dDLC
050 10 @aRT51@b.R25 1986
060    @aWY 39 R137c
082 00 @a610.73@2 19
090    @aR471
099    @dR471@ex19
100 1  @aRaffensperger, Ellen Baily.
245 10 @aClinical nursing handbook / @cEllen Baily Raffensperger, Mary Lloyd Zusy, Lynn Claire Marchesseault.
260    @aPhiladelphia :@bLippincott,@cc1986.
300    @axxi, 963 p. ;@c19 cm.
500    @a"A David T. Miller book."
504    @aIncludes bibliographies and index.
650  0 @aClinical medicine@xHandbooks, manuals, etc.
650  2 @aNursing@xhandbooks.
650  0 @aNursing@xHandbooks, manuals, etc.
700 1  @aMarchesseault, Lynn.
700 1  @aZusy, Mary Lloyd.
906    @a7@bcbc@corignew@d1@eocip@f19@gy-gencatlg
985    @ffk04 08-22-90
    
    Clinical nursing handbook / / Ellen Baily Raffensperger, Mary Lloyd Zusy, Lynn Claire Marchesseault.-Philadelphia : : Lippincott, , c1986.
    xxi, 963 p. ; ; 19 cm.
    "A David T. Miller book." .-Includes bibliographies and index.
    
    ISBN 0397544618 (pbk.).
    
●
相关链接 在E读中查询图书 在五车中查询图书 在当当中查询图书 在豆瓣中查询图书


正题名:Clinical nursing handbook     索取号:R471/x19         预约/预借

序号 登录号 条形码 馆藏地/架位号 状态 备注
1 004457   300044574   第二样本阅览室/ [索取号:R471/x19] 在馆    
唐山师范学院图书馆 欢迎您!
大连网信软件有限公司© 版权所有